|
|
|
|
| LEADER |
00000nas a2200000 a 4500 |
| 001 |
ssj0001744 |
| 003 |
WaSeSS |
| 005 |
20200512172242.0 |
| 006 |
m d |
| 007 |
cr n |
| 008 |
020122c19819999txuqr pss 0 a0eng c |
| 010 |
|
|
|a 2002211002
|
| 015 |
|
|
|a GBB3B4756
|2 bnb
|
| 016 |
7 |
|
|a 2068127-6
|2 DE-600
|
| 016 |
7 |
|
|a 016566195
|2 Uk
|
| 022 |
|
|
|a 1538-4845
|l 0271-1214
|y 0271-1214
|
| 035 |
|
|
|a (WaSeSS)ssj0001744
|
| 037 |
|
|
|b PRO-ED, 8700 Shoal Creed Blvd., Austin, TX 78757
|c $43.00 (individual, North America)
|c $109.00 (institution, North America)
|c $71.00 (individual, foreign)
|c $138.00 (institution, foreign)
|
| 040 |
|
|
|a NSD
|b eng
|c NSD
|d OCLCQ
|d NSD
|d OCLCQ
|d IUA
|d MUQ
|d UQ1
|d NSD
|d CFI
|d OCLCQ
|d PFM
|d OCLCQ
|d OCLCO
|d OCLCF
|d OCLCQ
|d Z5A
|d OCLCO
|d WT2
|d NLE
|d U3W
|d OCLCQ
|d TOF
|d OCLCO
|d AU@
|d OCLCO
|d WYU
|d UKMGB
|d VT2
|d OCLCO
|d OCLCA
|d IUL
|d NJT
|d OCLCQ
|d OCLCO
|d WaSeSS
|
| 042 |
|
|
|a pcc
|a nsdp
|
| 050 |
0 |
4 |
|a LC4019.2
|b .T66
|
| 082 |
0 |
0 |
|a 371.9/05
|2 19
|
| 130 |
0 |
|
|a Topics in early childhood special education (Online)
|
| 210 |
0 |
|
|a Topics early child. spec. educ.
|b (Online)
|
| 222 |
|
0 |
|a Topics in early childhood special education
|b (Online)
|
| 245 |
1 |
0 |
|a Topics in early childhood special education
|h [electronic resource].
|
| 260 |
|
|
|a Austin, Tex. :
|b PRO-ED
|
| 310 |
|
|
|a Quarterly
|
| 362 |
1 |
|
|a Began with vol. 1, no. 1 (Apr. 1981).
|
| 506 |
|
|
|a License restrictions may limit access.
|
| 588 |
0 |
|
|a Vol. 21, no. 4 (winter 2001); title from title screen (viewed July 2, 2003).
|
| 588 |
1 |
|
|a Vol. 31, no. 2 (Aug. 2011) (Sage Web site, viewed Aug. 16, 2011).
|
| 650 |
|
0 |
|a Children with disabilities
|x Education (Preschool)
|v Periodicals.
|
| 650 |
|
2 |
|a Child Development.
|
| 650 |
|
2 |
|a Education, Special.
|
| 650 |
|
6 |
|a Enfants handicapés
|x Enseignement préscolaire
|v Périodiques.
|
| 650 |
|
7 |
|a Children with disabilities
|x Education (Preschool)
|2 fast
|0 (OCoLC)fst00855577
|
| 650 |
1 |
7 |
|a Éducation précoce.
|2 rasuqam
|
| 650 |
|
7 |
|a Éducation préscolaire.
|2 rasuqam
|
| 650 |
1 |
7 |
|a Éducation spéciale.
|2 rasuqam
|
| 650 |
|
7 |
|a Enfant handicapé
|2 rasuqam
|
| 655 |
|
0 |
|a Electronic journals.
|
| 776 |
0 |
8 |
|i Print version:
|t Topics in early childhood special education
|x 0271-1214
|w (DLC) 84641086
|w (OCoLC)6550492
|
| 856 |
4 |
0 |
|z Full text available from Research Library: 04/01/1997 to 05/31/2010
|u https://search.proquest.com/publication/48505
|